000 00992cam a2200277 a 4500
001 4906868
005 20180312045026.0
008 940610s1995 ncua b s001 0 eng
010 _a 94027192
020 _a0807821853 (cloth : alk. paper)
020 _a0807844950 (pbk. : alk. paper)
040 _aDLC
_cDLC
_dDLC
041 _aeng
043 _an-us---
080 _a305.40973 KER
082 0 0 _a305.40973 KER
_220
100 _a50
101 _aSOC
245 0 0 _aU.S. history as women's history :
_cedited by Linda K. Kerber, Alice Kessler-Harris, and Kathryn Kish Sklar.
246 3 _aUS history as women's history
246 3 _aUnited States history as women's history
504 _aIncludes bibliographical references (p. 349-441) and index.
906 _a7
_bcbc
_corignew
_d1
_eocip
_f19
_gy-gencatlg
942 _2ddc
_cBK
999 _c44675
_d44675